|
|
|
|
| LEADER |
00000naa2a2200000 4500 |
| 001 |
107893 |
| 005 |
20240207125842.0 |
| 035 |
|
|
|a (RuTPU)RU\TPU\book\116483
|
| 090 |
|
|
|a 107893
|
| 100 |
|
|
|a 20070109d2003 k y0rusy50 ca
|
| 101 |
0 |
|
|a rus
|
| 102 |
|
|
|a RU
|
| 200 |
1 |
|
|a Модель системы управления вертикальным положением плазмы ТОКАМАКа КТМ
|f Р. И. Губин, Е. И. Громаков
|
| 320 |
|
|
|a Библиогр.: 3 назв.
|
| 463 |
|
0 |
|0 (RuTPU)RU\TPU\book\62675
|y 5-98298-044-7
|t Университетская научно-практическая отчетная конференция студентов и молодых ученых; 14-16 мая 2003, г. Томск
|o сборник тезисов
|f Томский политехнический университет. Физико-технический факультет
|v С. 21
|d 2003
|p 58 с.
|
| 610 |
1 |
|
|a системы управления
|
| 610 |
1 |
|
|a плазма
|
| 610 |
1 |
|
|a ТОКАМАКИ
|
| 610 |
1 |
|
|a моделирование
|
| 610 |
1 |
|
|a вертикальная стабилизация
|
| 610 |
1 |
|
|a труды учёных ТПУ
|
| 700 |
|
1 |
|a Губин
|b Р. И.
|
| 701 |
|
1 |
|a Громаков
|b Е. И.
|c специалист в области автоматизированных систем управления
|c доцент Томского политехнического университета, кандидат технических наук
|f 1943-
|g Евгений Иванович
|3 (RuTPU)RU\TPU\pers\25727
|9 11629
|
| 801 |
|
1 |
|a RU
|b 63413507
|c 20070109
|g PSBO
|
| 801 |
|
2 |
|a RU
|b 63413507
|c 20141202
|g RCR
|
| 942 |
|
|
|c BK
|